| 000 | 00386nam a2200157Ia 4500 | ||
|---|---|---|---|
| 003 | Ost | ||
| 005 | 20260225132539.0 | ||
| 008 | 260225s9999||||xx |||||||||||||| ||und|| | ||
| 040 | _cfsic | ||
| 041 | _afre | ||
| 082 | _a378.1 | ||
| 100 |
_aYvettes hofman-Laurence bray _eAuteur |
||
| 245 | 0 | _aLe travail de fin d''études / | |
| 245 | 0 | _cYvettes hofman-Laurence bray | |
| 942 | _cكتاب | ||
| 999 |
_c33372 _d33372 |
||